Iceland Immigration by Country - Statistics

General Stats
  • This quiz has been taken 1,883 times
  • The average score is 14 of 20
Answer Stats
# People Country % Correct
1,275 Norway
97%
2,161 Sweden
97%
1,702 United Kingdom
97%
2,386 United States
97%
3,891 Denmark
96%
1,969 Germany
90%
19,210 Poland
88%
909 Spain
88%
835 France
87%
482 Italy
82%
686 China
81%
993 Portugal
75%
1,536 Romania
62%
2,906 Lithuania
55%
1,762 Latvia
53%
744 Czech Republic
48%
840 Vietnam
37%
657 Croatia
35%
2,094 Philippines
33%
1,375 Thailand
32%
No matching quizzes found
Score Distribution
Percent of People with Each Score
Percentile by Number Answered
Your Score History
You have not taken this quiz